MARC детайли
| 000 -Лидер |
| Контролно поле с фиксирана дължина |
02674nam a2200481 c 4500 |
| 003 - Код на организацията, давaща контролен номер |
| Контролно поле |
BLK |
| 005 - Дата и час на последна редакция |
| Контролно поле |
20220319133200.0 |
| 008 - Елементи от данни с фиксирана дължина |
| fixed length control field |
180408b bul|||||r ||||||| ||bul|| |
| 010 ## - Наследен системен номер |
| LC control number |
KNG00072154000 |
| 020 ## - Международен стандартен номер на книга ISBN |
| Международен стандартен номер на книга ISBN |
954-792-109-6 |
| -- |
издат.: СКОРПИО ви |
| 040 ## - Източник на каталожния запис |
| Идентификатор на билиотеката - собственик на записа |
BLK |
| 041 ## - Код за език |
| Код за езика на текст/звукозапис или на отделно заглавие |
Български |
| Код за езика КДБФ |
Български |
| 072 #7 - Код за тематичната категория |
| Код организация |
bullib |
| Код за тематична категория |
Л01 |
| Текст |
Заболявания |
| 072 #7 - Код за тематичната категория |
| Код организация |
bullib |
| Код за тематична категория |
Л04 |
| Текст |
Лечебно хранене |
| 080 ## - УДК |
| Текстов определител УДК |
Болести на артериите - Атеросклероза, аневризма, васкулити, артерит, коронарна болест на сърцето, артериосклероза и др. |
| УДК код - определител по УДК |
616.13 |
| УДК определител |
(02.062) |
| УДК - код + определител |
616.13(02.062) |
| 080 ## - УДК |
| Текстов определител УДК |
Хигиена на храненето. Режим на храненето. Вж и 612.39 ; 614.3 ; 615.874 ; 641 |
| УДК код - определител по УДК |
613.2 |
| УДК определител |
(02.062) |
| УДК - код + определител |
613.2(02.062) |
| 080 ## - УДК |
| Текстов определител УДК |
Диетотерапия. Усилено и органично хранене, диети, богати на тлъстини, на минерали и др. |
| УДК код - определител по УДК |
615.874 |
| УДК определител |
(02.062) |
| УДК - код + определител |
615.874(02.062) |
| 080 ## - УДК |
| Текстов определител УДК |
Диетично хранене за здрави хора |
| УДК код - определител по УДК |
641.561 |
| УДК определител |
(083.1) |
| УДК - код + определител |
641.561(083.1) |
| 100 1# - Редна дума - Автор |
| Автор |
Василева, Александра Владимировна |
| Авторска отговорност |
първи автор |
| R(LIN) |
276995 |
| 139 ## - Редно поле |
| Редна дума |
Василева, Александра Владимировна |
| Авторски знак |
Васи - В 24 |
| 245 10 - Сведения за заглавието |
| Заглавие |
Атеросклерозата |
| Подзаглавни данни |
Как да се предпазим от "ръждата на живота" |
| Редно поле (дума) |
Александра Владимировна Василева; прев. от рус. Галина Чекурова. |
| 257 ## - Страна на издаване |
| Страна на създаване/издаване |
Русия |
| 260 ## - Област на издателските данни |
| -- |
София |
| Име на издателя, разпространителя и проч. |
СКОРПИО ви |
| Година на издаване |
2003 |
| 300 ## - Физическа характеристика |
| Страници |
175 с. |
| Илюстрации и др. |
с табл. |
| Размери/Мащаб |
24 см |
| 380 ## - Жанр |
| Жанр |
Медицина |
| 490 1# - СЕРИИ (Колекции) |
| Име на серия |
Поредица Здраве, дълголетие, естествено оздравяване |
| 500 ## - Общи забележки |
| Забележка |
Ориг. загл. Атеросклероз : как избавиться от "ржавчины жизни" / Александра В. Васильева. |
| 650 #4 - Допълнително описание по предмет – тема |
| Основно описание – тема или топоним |
Атеросклероза |
| 9 (RLIN) |
147820 |
| 650 #4 - Допълнително описание по предмет – тема |
| Основно описание – тема или топоним |
Хранене - хигиена |
| 9 (RLIN) |
244313 |
| 650 #4 - Допълнително описание по предмет – тема |
| Основно описание – тема или топоним |
Лечебно хранене |
| 9 (RLIN) |
244312 |
| 650 #4 - Допълнително описание по предмет – тема |
| Основно описание – тема или топоним |
Готварство - рецепти |
| 9 (RLIN) |
241856 |
| 653 ## - Ключова дума – ненормативна |
| Ключова дума |
атеросклероза |
| 653 ## - Ключова дума – ненормативна |
| Ключова дума |
хигиена на храненето |
| 653 ## - Ключова дума – ненормативна |
| Ключова дума |
лечебно хранене |
| 653 ## - Ключова дума – ненормативна |
| Ключова дума |
готварски рецепти |
| 659 ## - Тематичен бюлетин |
| Тематичен бюлетин |
Л |
| 700 1# - Други автори (авторска отговорност) |
| Лично име |
Чекурова, Галина |
| Автороска отговорност (Описва отношението между автора и произведението) |
прев. от рус. |
| 9 (RLIN) |
141202 |
| 852 ## - Местоположение |
| Форматна сигнатура |
Цб 231824 |
| 856 4# - Електронен адрес и достъп |
| Електронен формат |
pdf - файл |
| Път до файла /url/ |
|
| 856 4# - Електронен адрес и достъп |
| Електронен формат |
pdf - файл |
| Път до файла /url/ |
|
| 942 ## - АРТИКУЛИ |
| Вид на библиотечния материал |
Книги |
| Скрит в OPAC |
Не |
| Koha issues (borrowed), all copies |
1 |
| 944 ## - СЪЗДАВАНЕ И РЕДАКЦИЯ на ЗАПИСА |
| Създаване/Редакция |
Създаване |
| Дата на регистрацията/редакция |
26.02.2007 |
| Статус, дата на статуса |
ф / |
| Служител, извършил регистрацията/редакцията |
Людмила_Стоянова |
| 944 ## - СЪЗДАВАНЕ И РЕДАКЦИЯ на ЗАПИСА |
| Създаване/Редакция |
Редакция |
| Дата на регистрацията/редакция |
18.12.2012 |
| Статус, дата на статуса |
ф / |
| Служител, извършил регистрацията/редакцията |
|
| 999 ## - СИСТЕМНИ КОНТРОЛНИ НОМЕРА |
| Koha biblionumber |
67840 |
| Koha biblioitemnumber |
67840 |